Recueil de planches, sur les sciences, les arts libéraux, et les arts méchaniques, avec leur explication (Record no. 88874)
[ view plain ]
| 000 -LEADER | |
|---|---|
| campo de control de longitud fija | 01356nam a2200337 i 4500 |
| 001 - NÚMERO DE CONTROL | |
| campo de control | 88874 |
| 003 - IDENTIFICADOR DE NÚMERO DE CONTROL | |
| campo de control | ES-MaACL |
| 005 - FECHA Y HORA DE LA ÚLTIMA TRANSACCIÓN | |
| campo de control | 20250814063221.0 |
| 007 - CAMPO FIJO DE DESCRIPCIÓN FÍSICA--INFORMACIÓN GENERAL | |
| campo de control de longitud fija | t| |
| 008 - DATOS DE LONGITUD FIJA--INFORMACIÓN GENERAL | |
| campo de control de longitud fija | 041227m19871990fr a re 00110 fre d |
| 020 ## - NÚMERO INTERNACIONAL ESTÁNDAR DEL LIBRO | |
| Número Internacional Estándar del Libro | 2-905-38857-9 |
| 080 ## - NÚMERO DE LA CLASIFICACIÓN DECIMAL UNIVERSAL | |
| Número de la Clasificación Decimal Universal | (031)"17"(0:76) |
| 080 ## - NÚMERO DE LA CLASIFICACIÓN DECIMAL UNIVERSAL | |
| Número de la Clasificación Decimal Universal | 76.034.7 |
| 245 00 - MENCIÓN DEL TÍTULO | |
| Título | Recueil de planches, sur les sciences, les arts libéraux, et les arts méchaniques, avec leur explication |
| 246 14 - FORMA VARIANTE DEL TITULO | |
| Título propio/Titulo breve | L'Encyclopédie Diderot et D'Alembert |
| 260 ## - PUBLICACIÓN, DISTRIBUCIÓN, ETC. | |
| Lugar de publicación, distribución, etc. | [Paris] : |
| Nombre del editor, distribuidor, etc. | Inter-Livres, |
| Fecha de publicación, distribución, etc. | 1987-1990 |
| Lugar de fabricación/manufactura | (Barcelona : |
| Fabricante | Sirven Gráfic) |
| 300 ## - DESCRIPCIÓN FÍSICA | |
| Extensión | 2 volúmenes : |
| Otras características físicas | ilustraciones ; |
| Dimensiones | 32 cm |
| 505 0# - NOTA DE CONTENIDO CON FORMATO | |
| Nota de contenido con formato | Vol. 1. Astronomie - v. 2. Sciences |
| 534 ## - NOTA SOBRE LA VERSIÓN ORIGINAL | |
| Frase introductoria | Reprod. facs. de la ed. de: |
| Publicación, distribución, etc. del original | Paris: Chez-Briasson, 1762-1777. |
| 630 04 - PUNTO DE ACCESO ADICIONAL DE MATERIA--TÍTULO UNIFORME | |
| Título uniforme | Encyclopédie ou Dictionnaire raisonné des sciences, des arts et des métiers- |
| Subdivisión de forma | Ilustraciones |
| 9 (RLIN) | 121148 |
| 650 #4 - PUNTO DE ACCESO ADICIONAL DE MATERIA--TÉRMINO DE MATERIA | |
| Término de materia o nombre geográfico como elemento de entrada | Astronomía- |
| Subdivisión de forma | Obras anteriores a 1800 |
| 9 (RLIN) | 10389 |
| 650 #4 - PUNTO DE ACCESO ADICIONAL DE MATERIA--TÉRMINO DE MATERIA | |
| Término de materia o nombre geográfico como elemento de entrada | Ciencias naturales- |
| Subdivisión de forma | Obras anteriores a 1800 |
| 9 (RLIN) | 149050 |
| 655 #7 - TERMINO DE INDIZACIÓN--GENERO/FORMA | |
| Datos o término principal de género/forma | Facsímiles |
| Fuente del término | tgfbne |
| 9 (RLIN) | 226495 |
| 700 1# - ENTRADA AGREGADA--NOMBRE PERSONAL | |
| Nombre de persona | Diderot, Denis, |
| Fechas asociadas al nombre | 1713-1784 |
| Término indicativo de función/relación | Autor |
| 9 (RLIN) | 44511 |
| 700 1# - ENTRADA AGREGADA--NOMBRE PERSONAL | |
| Nombre de persona | Alembert, Jean Le Rond d', |
| Fechas asociadas al nombre | 1717-1783 |
| Término indicativo de función/relación | Autor |
| 9 (RLIN) | 19739 |
| 740 22 - ENTRADA AGREGADA--TÍTULO RELACIONADO/ANALÍTICO NO CONTROLADO | |
| Título relacionado o analítico no controlado | L'Encyclopédie Diderot et d'Alembert. |
| 852 4# - LOCALIZACIÓN | |
| Ubicación | ES-MaACL |
| Ubicación en estantería | Depósito 2 |
| Número de control de estantería | E-10721-22 |
| 942 ## - ELEMENTOS DE ENTRADA SECUNDARIOS (KOHA) | |
| Fuente del sistema de clasificación o colocación | Clasificación decimal universal |
| Tipo de ítem Koha | Libro impreso |
| Suprimir en OPAC | No |
| Estatus retirado | Estado de pérdida | Estado de daño | No para préstamo | Biblioteca de origen | Biblioteca actual | Ubicación en estantería | Fecha de adquisición | Fuente de adquisición | Total de préstamos | Signatura topográfica completa | Código de barras | Visto por última vez | Precio de reemplazo | Tipo de ítem Koha |
|---|---|---|---|---|---|---|---|---|---|---|---|---|---|---|
| Biblioteca del Ateneo de Madrid | Biblioteca del Ateneo de Madrid | Depósito 2 | 17/01/2008 | E-10721-22 | 1092825 | 23/02/2023 | 23/02/2023 | Libro impreso |
